000 00642nam a22002057a 4500
999 _c15351
_d15351
003 AR-CdUCM
008 190426b ||||| |||| 00| 0 d
020 _a978-607-618-008-2
040 _aMUNICIPALIDAD PROVINCIAL DEL CUSCO
_cBIBLIOTECA MUNICIPAL DEL CUSCO
082 _aPI / 808.06 /
_bS54
110 _aDisney Pixar
_932825
245 _aToy story :
_bEl juguete nuevo /
260 _aMexico :
_bSilver Dolphin,
_c2016.
300 _a306 paginas ;
_bIlustraciones,
_c23 cm.
440 _aColección de cuentos
_934397
650 _aLiteratura infantil
_9588
650 _aCuento
_94671
942 _2ddc
_cLIBROS
945 _arjall
_d2019-04-26